Urban development in India / (Record no. 16318)
[ view plain ]
| 000 -LEADER | |
|---|---|
| fixed length control field | 00775cam a2200277 4500 |
| 001 - CONTROL NUMBER | |
| control field | 16318 |
| 003 - CONTROL NUMBER IDENTIFIER | |
| rucl marc code | BD-RjUL |
| 005 - DATE AND TIME OF LATEST TRANSACTION | |
| control field | 20211209000008.0 |
| 008 - FIXED-LENGTH DATA ELEMENTS--GENERAL INFORMATION | |
| fixed length control field | 140213s1974 ii b 001 0 eng |
| 035 ## - SYSTEM CONTROL NUMBER | |
| System control number | (BD-RjUL)16373 |
| 040 ## - CATALOGING SOURCE | |
| Original cataloging agency | DLC |
| Transcribing agency | DLC |
| Modifying agency | DLC |
| -- | BD-RjUL |
| Language of cataloging | eng |
| 041 ## - LANGUAGE CODE | |
| Language code of text/sound track or separate title | eng |
| 082 00 - DEWEY DECIMAL CLASSIFICATION NUMBER | |
| Classification number | 309.2620954 |
| Author mark and year | BHU |
| 100 1# - MAIN ENTRY--PERSONAL NAME | |
| Personal name | Bhardwaj, R. K., |
| Dates associated with a name | 1905- |
| 9 (RLIN) | 16528 |
| 245 10 - TITLE STATEMENT | |
| Title | Urban development in India / |
| Statement of responsibility, etc. | R. K. Bhardwaj. |
| 250 ## - EDITION STATEMENT | |
| Edition statement | 1st ed. |
| 260 ## - PUBLICATION, DISTRIBUTION, ETC. (IMPRINT) | |
| Place of publication, distribution, etc. | Delhi : |
| Name of publisher, distributor, etc. | National [Pub. House, |
| Date of publication, distribution, etc. | 1974. |
| 300 ## - PHYSICAL DESCRIPTION | |
| Pagination | xiv, 456 p. ; |
| Size | 25 cm. |
| 350 ## - PRICE (NR) (BK AM CF MU VM SE) [OBSOLETE] | |
| Price | Rs70.00 |
| 504 ## - BIBLIOGRAPHY, ETC. NOTE | |
| Bibliography, etc | Bibliography: p. [433]-437. |
| 650 #0 - SUBJECT ADDED ENTRY--TOPICAL TERM | |
| Topical term or geographic name as entry element | City planning |
| Geographic subdivision | India. |
| 9 (RLIN) | 50448 |
| Topical term or geographic name as entry element | Urban transportation |
| Geographic subdivision | India. |
| 9 (RLIN) | 50449 |
| 942 ## - ADDED ENTRY ELEMENTS (KOHA) | |
| Source of classification or shelving scheme | Dewey Decimal Classification |
| Koha item type | Books |
| Lost status | Source of classification or shelving scheme | Damaged status | Not for loan | Collection code | Permanent Location | Current Location | Shelving location | Date acquired | Source of acquisition | Cost, normal purchase price | Total Checkouts | Full call number | Date last seen | Copy number | Koha item type |
|---|---|---|---|---|---|---|---|---|---|---|---|---|---|---|---|
| Dewey Decimal Classification | Not For Loan | Non-fiction | Central Library, University of Rajshahi | Central Library, University of Rajshahi | Reading Room | 27/09/1978 | India int. calulta | 70.00 | 309.2620954 BHU 1974 | 13/02/2014 | C-1 | Books |